Autobiografi Jilid 3 : Riwayat seorang penyeberang bahasa

Bibliographic Details
Main Author: Muhammad Haji Salleh (Author)
Format: Book
Published: Kuala Lumpur : Dewan Bahasa dan Pustaka 2023
Subjects:

MARC

LEADER 00000cam a2200000 7i4500
001 0000093694
005 20240129093047.0
020 |a 9789834941697 (  |q paperback) 
040 |e rda 
041 |a Malay 
090 0 0 |a 920   |b MUH 
100 0 |a Muhammad Haji Salleh ,   |e (author) 
245 1 0 |a Autobiografi Jilid 3 :   |b Riwayat seorang penyeberang bahasa   |c Mohd Muhiden Abd Rahman 
264 1 |a Kuala Lumpur :   |b Dewan Bahasa dan Pustaka   |c 2023 
300 |a 217 pages ;   |c 22 cm. 
336 |a text  |2 rdacontent 
337 |a unmediated  |2 rdamedia 
338 |a volume  |2 rdacarrier 
500 |a Includes index 
541 |c Donation book   |f Inisiatif Belanjawan 2023 
650 0 |a Author   |x Biography 
650 0 |a Autobiography 
730 0 |a Title 
999 |a 0001753355   |b Book   |c Adult Collection   |e Perbadanan Perpustakaan Awam Johor 
999 |a 0001753356   |b Book   |c Adult Collection   |e Cawangan Urban Transformation Centre 
999 |a 0001753357   |b Book   |c Adult Collection   |e Cawangan AEON Kulaijaya 
999 |a 0001753358   |b Book   |c Adult Collection   |e Perbadanan Perpustakaan Awam Johor 
999 |a 0001753359   |b Book   |c Adult Collection   |e Cawangan Muar 
999 |a 0001753360   |b Book   |c Adult Collection   |e Cawangan Segamat 
999 |a 0001753361   |b Book   |c Adult Collection   |e Cawangan Tmn. Ungku Tun Aminah 
999 |a 0001753381   |b Book   |c Adult Collection   |e Perbadanan Perpustakaan Awam Johor 
999 |a 0001753382   |b Book   |c Adult Collection   |e Cawangan Kota Tinggi 
999 |a 0001753383   |b Book   |c Adult Collection   |e Cawangan Bandar Penawar 
999 |a 0001753384   |b Book   |c Adult Collection   |e Cawangan Taman Sri Lambak 
999 |a 0001753385   |b Book   |c Adult Collection   |e Cawangan Tangkak 
999 |a 0001753386   |b Book   |c Adult Collection   |e Cawangan Pontian 
999 |a 0001753387   |b Book   |c Adult Collection   |e Cawangan Mersing 
999 |a 0001753388   |b Book   |c Adult Collection   |e Cawangan Batu Pahat 
999 |a 0001753389   |b Book   |c Adult Collection   |e Cawangan Bukit Gambir 
999 |a 0001753390   |b Book   |c Adult Collection   |e Cawangan Pontian 
999 |a 0001753391   |b Book   |c Adult Collection   |e Cawangan Tangkak